[Event "Zlin Region-chT 2223"]
[Site "Czech Republic"]
[Date "2023.04.02"]
[Round "11.4"]
[White "Marak, Jakub"]
[Black "Vrana, Frantisek"]
[Result "1-0"]
[WhiteElo "1846"]
[BlackElo "2212"]
[PlyCount "89"]
[EventDate "2022.10.09"]
[EventType "team-tourn"]
[EventRounds "11"]
[EventCountry "CZE"]
[SourceTitle "EXT 2024"]
[Source "ChessBase"]
[SourceDate "2023.10.10"]
[SourceVersion "1"]
[SourceVersionDate "2023.10.10"]
[SourceQuality "1"]
[WhiteTeam "Zlin II"]
[BlackTeam "Stare Mesto II"]
[WhiteTeamCountry "CZE"]
[BlackTeamCountry "CZE"]

1. e4 d5 2. exd5 Qxd5 3. Nc3 Qa5 4. d4 c6 5. Nf3 Bf5 6. Bc4 e6 7. Bd2 Nd7 8. Ne4 Qc7 9. Qe2 Bxe4 10. Qxe4 Ngf6 11. Qe2 Bd6 12. c3 0-0 13. 0-0 Rfe8 14. g3 a5 15. Rfe1 a4 16. Ne5 Nf8 17. Bd3 N6d7 18. Nc4 Ng6 19. Qf3 b5 20. Ne3 Nf6 21. h4 Nf8 22. Kg2 Re7 23. Bxb5 Nd5 24. Bd3 Rb8 25. Nc4 Rb7 26. h5 h6 27. Rab1 Qb8 28. Na5 Rbc7 29. c4 Bb4 30. cxd5 Bxd2 31. d6 Bxa5 32. dxe7 Rxe7 33. Rec1 Rd7 34. Rc4 Qd8 35. Qxc6 Rxd4 36. Rxd4 Qxd4 37. Qe4 Qd7 38. Rd1 f5 39. Qf3 Qc8 40. Bxf5 exf5 41. Qd5+ Qe6 42. Qxa5 Qe4+ 43. Kg1 Ne6 44. Re1 Qc6 45. Qe5 1-0

[Event "Zlin Region-chT 2223"]
[Site "Czech Republic"]
[Date "2023.02.12"]
[Round "8.2"]
[White "Horny, Jaroslav"]
[Black "Marak, Jakub"]
[Result "0-1"]
[WhiteElo "1798"]
[BlackElo "1846"]
[PlyCount "74"]
[EventDate "2022.10.09"]
[EventType "team-tourn"]
[EventRounds "11"]
[EventCountry "CZE"]
[SourceTitle "EXT 2024"]
[Source "ChessBase"]
[SourceDate "2023.10.10"]
[SourceVersion "1"]
[SourceVersionDate "2023.10.10"]
[SourceQuality "1"]
[WhiteTeam "Valasske Mezirici"]
[BlackTeam "Zlin II"]
[WhiteTeamCountry "CZE"]
[BlackTeamCountry "CZE"]

1. e4 e5 2. Nf3 Nc6 3. Bc4 Bc5 4. 0-0 Nf6 5. d3 d6 6. h3 Be6 7. Bb5 Qd7 8. Ng5 a6 9. Ba4 0-0 10. Be3 Bxe3 11. fxe3 h6 12. Nxe6 fxe6 13. Nd2 b5 14. Bb3 Ne7 15. Qe2 c5 16. a4 Nc6 17. c3 Na5 18. Bc2 Rfc8 19. Qf3 b4 20. Nb3 Nc6 21. Qg3 Kh8 22. Nd2 Rab8 23. c4 b3 24. Bb1 Rb4 25. Qg6 Qe8 26. Rxf6 gxf6 27. Qxh6+ Kg8 28. Nxb3 Rxb3 29. Bc2 Rxb2 30. Rf1 Rc7 31. Rxf6 Rg7 32. Rxe6 Ne7 33. g4 Rxc2 34. Rxd6 Rc1+ 35. Kg2 Ng6 36. Kg3 Nf8 37. Qh4 Qe7 0-1

[Event "CZE-chT2F 2223"]
[Site "Czech Republic"]
[Date "2022.12.04"]
[Round "4"]
[White "Siwek, Antonin"]
[Black "Marak, Jakub"]
[Result "0-1"]
[WhiteElo "1819"]
[BlackElo "1973"]
[PlyCount "84"]
[EventDate "2022.10.16"]
[EventType "team-tourn"]
[EventRounds "11"]
[EventCountry "CZE"]
[SourceTitle "EXT 2024"]
[Source "ChessBase"]
[SourceDate "2023.10.10"]
[SourceVersion "1"]
[SourceVersionDate "2023.10.10"]
[SourceQuality "1"]
[WhiteTeam "Havirov Slovan"]
[BlackTeam "Zlin"]
[WhiteTeamCountry "CZE"]
[BlackTeamCountry "CZE"]

1. Nf3 d5 2. b3 c5 3. e3 Nc6 4. Bb2 Bf5 5. Be2 Nf6 6. 0-0 e6 7. d4 Rc8 8. Nbd2 Be7 9. c4 dxc4 10. Nxc4 0-0 11. Rc1 a6 12. dxc5 Bxc5 13. Nce5 Nb4 14. a3 Nbd5 15. b4 Ba7 16. Bd4 Bxd4 17. Qxd4 Qe7 18. Nd2 Rfd8 19. Rxc8 Rxc8 20. e4 Nc3 21. Bf3 Bxe4 22. Nxe4 Nfxe4 23. Qe3 f5 24. Bxe4 Nxe4 25. Rd1 Rd8 26. Re1 Qd6 27. Nc4 Qd4 28. f3 Qxe3+ 29. Nxe3 Nf6 30. Nc4 Kf7 31. Na5 b6 32. Nc4 Nd5 33. Kf2 Kf6 34. Rd1 Rc8 35. Ne3 Nxe3 36. Kxe3 Rc3+ 37. Kf2 Rxa3 38. Rd6 b5 39. Rb6 Ra4 40. h4 Rxb4 41. Rxa6 Rxh4 42. Rb6 Rb4 0-1

[Event "Vsetin op 45th"]
[Site "Vsetin"]
[Date "2020.07.05"]
[Round "2"]
[White "Vantuch, Lucian"]
[Black "Marak, Jakub"]
[Result "1-0"]
[WhiteElo "1981"]
[BlackElo "1686"]
[PlyCount "87"]
[EventDate "2020.07.04"]
[EventType "swiss"]
[EventRounds "9"]
[EventCountry "CZE"]
[SourceTitle "CBM 197 Extra"]
[Source "ChessBase"]
[SourceDate "2020.09.30"]
[SourceVersion "1"]
[SourceVersionDate "2020.09.30"]
[SourceQuality "1"]

1. e4 e5 2. Nf3 Nc6 3. Bc4 Bc5 4. 0-0 Nf6 5. d4 Bxd4 6. Nxd4 Nxd4 7. f4 d6 8. fxe5 dxe5 9. Bg5 Be6 10. Na3 Qe7 11. c3 Nc6 12. Kh1 Bxc4 13. Nxc4 Qe6 14. Bxf6 gxf6 15. Ne3 Rg8 16. Rf2 Rg6 17. Rd2 Rd8 18. Nd5 Rd7 19. Qa4 f5 20. Rad1 Kf8 21. exf5 Qxf5 22. Ne3 Qg5 23. Rxd7 Qxe3 24. Rf1 Rf6 25. Qc4 Rxf1+ 26. Qxf1 Ne7 27. h3 f5 28. Rxc7 Qb6 29. Qc4 Qxb2 30. Qb4 Qxb4 31. cxb4 b5 32. Rxa7 Nc6 33. Ra5 Nxb4 34. Rxb5 Nxa2 35. Rxe5 Nc3 36. Rxf5+ Kg7 37. g4 Ne4 38. Kg2 Kg6 39. Ra5 h6 40. h4 Nf6 41. h5+ Kg7 42. Kf3 Kf7 43. Kf4 Kg7 44. Kf5 1-0

[Event "Bezmerov Bastinec Memorial-B"]
[Site "Bezmerov"]
[Date "2019.01.26"]
[Round "6"]
[White "Hobza, Vojtech"]
[Black "Marak, Jakub"]
[Result "1/2-1/2"]
[WhiteElo "1288"]
[BlackElo "1375"]
[PlyCount "57"]
[EventDate "2019.01.25"]
[EventType "swiss"]
[EventRounds "6"]
[EventCountry "CZE"]
[SourceTitle "CBM 188 Extra"]
[Source "ChessBase"]
[SourceDate "2019.02.26"]
[SourceVersion "1"]
[SourceVersionDate "2019.02.26"]
[SourceQuality "1"]

1. d4 d5 2. Nf3 Bf5 3. Bf4 Nf6 4. e3 e6 5. Bd3 c5 6. Bxf5 exf5 7. 0-0 Be7 8. Nc3 0-0 9. dxc5 Bxc5 10. Qd3 Qd7 11. Ne5 Qe6 12. Rad1 Rd8 13. Nb5 Nc6 14. Nc7 Nxe5 15. Nxe6 Nxd3 16. Nxd8 Nxf4 17. Nxb7 Ne6 18. Nxc5 Nxc5 19. b3 Nce4 20. Rd3 Rc8 21. c4 dxc4 22. bxc4 g6 23. f3 Nc5 24. Ra3 Ncd7 25. Rxa7 Rxc4 26. Rd1 Ne5 27. Re7 Nc6 28. Rc7 Ne5 29. Re7 1/2-1/2

[Event "Bezmerov Bastinec Memorial-B"]
[Site "Bezmerov"]
[Date "2019.01.25"]
[Round "1"]
[White "Marak, Jakub"]
[Black "Taus, Zdenek"]
[Result "1-0"]
[WhiteElo "1375"]
[BlackElo "1138"]
[PlyCount "71"]
[EventDate "2019.01.25"]
[EventType "swiss"]
[EventRounds "6"]
[EventCountry "CZE"]
[SourceTitle "CBM 188 Extra"]
[Source "ChessBase"]
[SourceDate "2019.02.26"]
[SourceVersion "1"]
[SourceVersionDate "2019.02.26"]
[SourceQuality "1"]

1. e4 c5 2. Nc3 d6 3. g3 Nf6 4. Bg2 e6 5. d3 Be7 6. Nge2 Nc6 7. 0-0 0-0 8. Be3 Bd7 9. f4 e5 10. fxe5 dxe5 11. Nd5 Nd4 12. Nxe7+ Qxe7 13. Nxd4 cxd4 14. Bg5 Qe6 15. Bxf6 gxf6 16. Qf3 Kg7 17. Rf2 Rac8 18. Raf1 Rc6 19. Qf5 Qe7 20. Qh5 Rg8 21. Rxf6 Rxf6 22. Qg5+ Kf8 23. Qxf6 Rg6 24. Qh8+ Rg8 25. Qxh7 Rg7 26. Qh8+ Rg8 27. Qf6 Rg6 28. Qxg6 Be6 29. a3 b5 30. Qh5 f6 31. Bh3 Bxh3 32. Qxh3 a5 33. Rf5 Qe6 34. Qh8+ Ke7 35. Qg7+ Ke8 36. Rxf6 1-0

[Event "Bezmerov Bastinec Memorial-B"]
[Site "Bezmerov"]
[Date "2019.01.25"]
[Round "2"]
[White "Novotny, Petr1111"]
[Black "Marak, Jakub"]
[Result "0-1"]
[WhiteElo "1178"]
[BlackElo "1375"]
[PlyCount "108"]
[EventDate "2019.01.25"]
[EventType "swiss"]
[EventRounds "6"]
[EventCountry "CZE"]
[SourceTitle "CBM 188 Extra"]
[Source "ChessBase"]
[SourceDate "2019.02.26"]
[SourceVersion "1"]
[SourceVersionDate "2019.02.26"]
[SourceQuality "1"]

1. e4 e5 2. Nf3 Nc6 3. d4 exd4 4. Bc4 Nf6 5. e5 d5 6. Bb5 Ne4 7. Nxd4 Bd7 8. Bxc6 bxc6 9. 0-0 Bc5 10. f3 Ng5 11. f4 Ne4 12. Be3 0-0 13. Nd2 Nxd2 14. Qxd2 Qe7 15. Nb3 Bb6 16. Rae1 f6 17. e6 Bc8 18. f5 Bb7 19. Qc3 a5 20. Nc5 Ba6 21. Nxa6 Rxa6 22. Bxb6 Rxb6 23. Rb1 Qb4 24. Qxb4 axb4 25. a3 bxa3 26. bxa3 Rfb8 27. Rxb6 Rxb6 28. a4 Ra6 29. Rb1 Kf8 30. Ra1 Ra5 31. g4 d4 32. Kg2 g6 33. Rf1 Ke7 34. Rf4 Rxa4 35. c3 c5 36. cxd4 cxd4 37. Kf2 c5 38. Ke1 Ra1+ 39. Kf2 Ra2+ 40. Kg3 g5 41. Rf2 Ra3+ 42. Rf3 Rc3 43. Kf2 d3 44. Rg3 c4 45. Ke1 Rc1+ 46. Kf2 Rc2+ 47. Ke1 Rxh2 48. Kd1 h5 49. gxh5 Rxh5 50. Kd2 Rh2+ 51. Kd1 Rf2 52. Ke1 Rxf5 53. Re3 Re5 54. Rxe5 fxe5 0-1